000 01382cam a2200133 4500500
005 20260405024650.0
041 _afre
042 _adc
100 1 0 _aBittinger, Nathalie
_eauthor
245 0 0 _a2046 de Wong Kar-wai
260 _bArmand Colin,
_c2007.
520 _aL’immense succès rencontré par In the Mood for Love (2000) a assuré la renommée mondiale de Wong Kar-wai. Ce cinéaste de Hong Kong, à la fois si chinois et si universel, ne saurait être réduit à cette seule œuvre «culte».Le spectateur attiré par la belle et triste histoire d’amour de M. Chow et Mme Chan en appréciera davantage la richesse avec 2046, film qui inscrit les errances sentimentales de M. Chow dans un rapport problématique à la temporalité, celle-là même de l’histoire de Hong Kong passée et à venir.Ce petit livre donne les clés de compréhension du film et en fait ressortir tant l’importance thématique que la force narrative. Lisible par tous, lycéens, étudiants, il retiendra l’attention des admirateurs de Wong Kar-wai et de tous ceux qui suivent la montée en puissance des cinémas d’Asie.Nathalie BITTINGER, agrégée de Lettres modernes, effectue des recherches en littérature et cinéma à l’Université de Paris VIII-Saint-Denis.
856 4 1 _uhttps://shs.cairn.info/2046-de-wong-kar-wai--9782200351359?lang=fr&redirect-ssocas=7080
999 _c2140397
_d2140397